| 000 | 005010000a22001810004500 | ||
|---|---|---|---|
| 020 | _a0-687-17975-0 | ||
| 041 | 0 | _aENG | |
| 082 | 0 | 4 | _aG 268.3 H197h |
| 100 | 1 | _aHalverson, Delia | |
| 245 | 1 | 0 | _aHow to train volunteer teachers : 20 workshops for the sunday school / Delia Halverson |
| 260 | _aNashville, TN., USA : Abingdon | ||
| 300 | _a109 Pag | ||
| 001 | 7848 | ||
| 942 | _cBK | ||
| 999 |
_c38052 _d38052 |
||
| 336 |
_atexto _btxt _2rdacontent |
||
| 337 |
_2rdamedia _asin mediación _bn |
||
| 338 |
_2rdacarrier _avolumen _bnc |
||